000
00285nam a22001217a 4500
008
180125b xxu||||| |||| 00| 0 eng d
041
_a
eng
080
_a
159.9 JEF
100
_a
49
101
_a
PSI
245
_a
Living and working with schizophrenia
_c
Jeffries,J,J
942
_2
udc
_c
BK
999
_c
40895
_d
40895